000 00868nam a2200241Ia 4500
003 OSt
005 20220923213737.0
006 a|||||r|||| 00| 0
007 ta
008 220922b |||||||| |||| 00| 0 hin d
024 _a164,312
037 _cTextual
040 _aARTS
_cARTS
_bhin
041 _2hin
_ahin
082 _aO152,1M89,18:g(S), K7
100 _aशर्मा, जगदीश प्रसाद
245 0 _aकामायनी का प्रतिपाद्य* मनोवैज्ञानिक विश्लेषण,
246 _aKāmāyanī kā pratipādya: hinovaijnyānik vishleṣhaṇa,
260 _c1967
650 _aहिन्दी साहित्य
_9156264
942 _hO152,1M89,18:g(S), K7
_cTEXL
_2CC
999 _c318792
_d318792